Státní podpora financování a pojištění vývozu ve vyspělých tržních ekonomikách.

Proexportná orientácia ako charakteristický rys hospodárskej politiky štátov s vyspelou trhovou ekonomikou a nástroje na jej presadzovanie v jednotlivých štátoch. Organizácia medzinárodnej spolupráce na spoločnej úprave postupov, používaných pri poskytovaní vývozných úverov. Bernská únia, GATT a OEC...

ver descrição completa

Na minha lista:
Detalhes bibliográficos
Autor principal: Vlček, J.
Formato: Capítulo de Livro
Idioma:tcheco
Assuntos:
Tags: Adicionar Tag
Sem tags, seja o primeiro a adicionar uma tag!

MARC

LEADER 00000naa a2200000 4500
001 r011657
005 20220831085304.4
041 0 |a cze 
044 |a [CS] 
245 1 0 |a Státní podpora financování a pojištění vývozu ve vyspělých tržních ekonomikách.  |c J. Vlček 
520 |a Proexportná orientácia ako charakteristický rys hospodárskej politiky štátov s vyspelou trhovou ekonomikou a nástroje na jej presadzovanie v jednotlivých štátoch. Organizácia medzinárodnej spolupráce na spoločnej úprave postupov, používaných pri poskytovaní vývozných úverov. Bernská únia, GATT a OECD. 
610 2 0 |a vývoz 
610 2 0 |a politika zahraničnoobchodná 
610 2 0 |a GATT 
610 2 0 |a OECD 
610 2 0 |a úver 
610 2 0 |a podpory 
610 2 0 |a sadzby úrokové 
610 2 0 |a poistenie záujmov zahraničných 
100 1 |a Vlček, J.